<?xml version="1.0" encoding="UTF-8"?>
<collection xmlns="http://www.loc.gov/MARC21/slim">
    <record>
        <controlfield tag="001">65345</controlfield>
        <controlfield tag="005">20180219131712.0</controlfield>
        <datafield tag="037" ind1=" " ind2=" ">
            <subfield code="a">TAZ-TFG-2017-4746</subfield>
        </datafield>
        <datafield tag="041" ind1=" " ind2=" ">
            <subfield code="a">spa</subfield>
        </datafield>
        <datafield tag="100" ind1="1" ind2=" ">
            <subfield code="a">Val Aguasca, Jesús Pedro</subfield>
        </datafield>
        <datafield tag="242" ind1="0" ind2="0">
            <subfield code="a">Zootechnical improvements aimed at the supply and profitabilization of the use of dairy-breed lambs in the meat market</subfield>
        </datafield>
        <datafield tag="245" ind1="0" ind2="0">
            <subfield code="a">Mejoras zootécnicas orientadas al suministro y rentabilización de la utilización de corderos de razas lecheras en el mercado cárnico</subfield>
        </datafield>
        <datafield tag="260" ind1=" " ind2=" ">
            <subfield code="a">Zaragoza</subfield>
            <subfield code="b">Universidad de Zaragoza</subfield>
            <subfield code="c">2017</subfield>
        </datafield>
        <datafield tag="506" ind1=" " ind2=" ">
            <subfield code="a">by-nc-sa</subfield>
            <subfield code="b">Creative Commons</subfield>
            <subfield code="c">3.0</subfield>
            <subfield code="u">http://creativecommons.org/licenses/by-nc-sa/3.0/</subfield>
        </datafield>
        <datafield tag="520" ind1=" " ind2=" ">
            <subfield code="a">Dada la difícil situación que está atravesando el sector ovino de carne, se buscan alternativas para solventar esta situación. Una posible solución sería introducir en el mercado cárnico corderos procedentes de ovejas lecheras. El objetivo general de este Trabajo Fin de Grado ha sido desarrollar un nuevo sistema de explotación de corderos de razas lecheras separados de las madres en el nacimiento que permita reducir la mortalidad de los mismos durante la lactancia artificial y su crecimiento hasta pesos elevados, sin engrasar, para orientarlos hacia la exportación. Para conseguir los objetivos anteriores, se ha realizado un estudio piloto en un cebadero de Ejea de los Caballeros (Zaragoza) con 763 corderos, divididos en seis periodos, desde septiembre de 2016 a abril de 2017. Se han empleado tres sistemas de manejo diferentes (slat+placa calefactora, slat+lámpara IR y paja+lámpara IR) y se ha evaluado el efecto de los parámetros ambientales del alojamiento ganadero sobre el desarrollo de los corderos en el periodo de lactación artificial. Lo anterior ha requerido una monitorización en continuo de los parámetros ambientales (Tª, %HR, CO2 y NH3) y un seguimiento de los parámetros productivos (peso de entrada de cada cordero, peso al cabo de 15 días y al cabo un mes, ganancia media diaria, y bajas para cada tipo de manejo en cada periodo). También se han ensayado tres tipos de lactoreemplazantes con diferentes composiciones para ver su efecto. Los resultados obtenidos sugieren que el sistema de manejo basado en suelo de paja con calefacción con lámpara infrarroja es la opción más deseable, tanto desde un punto de vista ambiental como por su influencia positiva en los factores productivos. Del estudio de la relación del peso de entrada con las bajas, se ha obtenido una curva de predicción de las mismas, de utilidad para la determinación del precio máximo a pagar por cordero en función de su peso de entrada que garantice la rentabilidad del proceso.</subfield>
        </datafield>
        <datafield tag="521" ind1=" " ind2=" ">
            <subfield code="a">Graduado en Ingeniería Agroalimentaria y del Medio Rural</subfield>
        </datafield>
        <datafield tag="540" ind1=" " ind2=" ">
            <subfield code="a">Derechos regulados por licencia Creative Commons</subfield>
        </datafield>
        <datafield tag="700" ind1=" " ind2=" ">
            <subfield code="a">Martín Ramos, Pablo</subfield>
            <subfield code="e">dir.</subfield>
        </datafield>
        <datafield tag="700" ind1=" " ind2=" ">
            <subfield code="a">García Ramos, Francisco Javier</subfield>
            <subfield code="e">dir.</subfield>
        </datafield>
        <datafield tag="710" ind1="2" ind2=" ">
            <subfield code="a">Universidad de Zaragoza</subfield>
            <subfield code="b">Ciencias Agrarias y del Medio Natural</subfield>
            <subfield code="c">Ingeniería Agroforestal</subfield>
        </datafield>
        <datafield tag="856" ind1="0" ind2=" ">
            <subfield code="f">648857@celes.unizar.es</subfield>
        </datafield>
        <datafield tag="856" ind1="4" ind2=" ">
            <subfield code="s">3697250</subfield>
            <subfield code="u">http://zaguan.unizar.es/record/65345/files/TAZ-TFG-2017-4746.pdf</subfield>
            <subfield code="y">Memoria (spa)</subfield>
        </datafield>
        <datafield tag="909" ind1="C" ind2="O">
            <subfield code="o">oai:zaguan.unizar.es:65345</subfield>
            <subfield code="p">driver</subfield>
            <subfield code="p">trabajos-fin-grado</subfield>
        </datafield>
        <datafield tag="950" ind1=" " ind2=" ">
            <subfield code="a"></subfield>
        </datafield>
        <datafield tag="951" ind1=" " ind2=" ">
            <subfield code="a">deposita:2018-02-17</subfield>
        </datafield>
        <datafield tag="980" ind1=" " ind2=" ">
            <subfield code="a">TAZ</subfield>
            <subfield code="b">TFG</subfield>
            <subfield code="c">EPSHUES</subfield>
        </datafield>
    </record>

    
</collection>